000 00525nam a2200181Ia 4500
008 100917s9999 xx 000 0 und d
082 _b51103
100 _aधुरी विरेंद्र ह.
245 _aझुंबर बूमरँग
260 _bपरचुरे प्रकाशन
_c1975
300 _a32
365 _b2.5
520 _aनाटक
630 _aझुंबर बूमरँग
650 _aनाटक
730 _aझुंबर बूमरँग
942 _cBOOK
999 _c656497
_d656494